[Event "Titled Tuesday intern op 16th Apr Early"]
[Site "Chess.com INT"]
[Date "2024.04.16"]
[Round "3"]
[White "Cahaya, Satria Duta"]
[Black "Sreyas, Payyappat"]
[Result "0-1"]
[WhiteElo "2184"]
[BlackElo "2084"]
[PlyCount "84"]
[EventDate "2024.04.16"]
[EventType "swiss (blitz)"]
[EventRounds "11"]
[EventCountry "USA"]
[SourceTitle "CB17_2024"]
[SourceDate "2024.04.24"]
[SourceVersion "1"]
[SourceVersionDate "2024.04.24"]
[SourceQuality "1"]

1. e4 c6 2. d4 d5 3. Nc3 dxe4 4. Nxe4 Nf6 5. Nxf6+ exf6 6. c3 Bd6 7. Bd3 0-0 8. Qc2 Re8+ 9. Ne2 h5 10. 0-0 h4 11. h3 Nd7 12. c4 Nf8 13. Nc3 Bc7 14. Be3 Qd6 15. Rfe1 Qh2+ 16. Kf1 Qh1+ 17. Ke2 Qxg2 18. Be4 Qxh3 19. Rh1 Qg4+ 20. Kd2 Bf4 21. Rag1 Bxe3+ 22. fxe3 Qh5 23. Qc1 Bg4 24. Qe1 g5 25. Qf2 Re6 26. d5 cxd5 27. Bxd5 Rd8 28. Kc1 Ra6 29. Ne4 Nh7 30. Bxb7 Rxa2 31. Nxf6+ Nxf6 32. Qxf6 Ra1+ 33. Kc2 Bd1+ 34. Kc3 Rc1+ 35. Kb4 Rxc4+ 36. Kxc4 Qe2+ 37. Kb4 Qd2+ 38. Qc3 Qd6+ 39. Qc5 a5+ 40. Kb5 Be2+ 41. Qc4 Qb4+ 42. Ka6 Qxc4+ 0-1

[Event "Titled Tuesday intern op 16th Apr Early"]
[Site "Chess.com INT"]
[Date "2024.04.16"]
[Round "8"]
[White "Crevatin, Leo"]
[Black "Sreyas, Payyappat"]
[Result "1-0"]
[WhiteElo "2260"]
[BlackElo "2084"]
[PlyCount "75"]
[EventDate "2024.04.16"]
[EventType "swiss (blitz)"]
[EventRounds "11"]
[EventCountry "USA"]
[SourceTitle "CB17_2024"]
[SourceDate "2024.04.24"]
[SourceVersion "1"]
[SourceVersionDate "2024.04.24"]
[SourceQuality "1"]

1. e4 c6 2. Nc3 d5 3. Nf3 dxe4 4. Nxe4 Nf6 5. Qe2 Nxe4 6. Qxe4 Nd7 7. Bc4 Nf6 8. Ne5 e6 9. Qe2 b5 10. Bd3 Qc7 11. 0-0 Bd6 12. Re1 Bb7 13. a4 b4 14. Bc4 0-0-0 15. Nxf7 Nd5 16. Nxh8 Rxh8 17. Qxe6+ Kb8 18. Bxd5 cxd5 19. d4 Bc6 20. Bg5 Re8 21. Qh3 Rxe1+ 22. Rxe1 h6 23. Bh4 Bd7 24. Qb3 Qa5 25. Bg3 Bxg3 26. Qxg3+ Kc8 27. Qxg7 Qxa4 28. Qg8+ Kc7 29. Qxd5 Qxc2 30. Qa5+ Kc8 31. Qxb4 Bc6 32. Qc5 Qxc5 33. dxc5 Kb7 34. f4 Ka6 35. f5 Kb5 36. f6 Kxc5 37. f7 Bd5 38. f8Q+ 1-0

[Event "Titled Tuesday intern op 16th Apr Early"]
[Site "Chess.com INT"]
[Date "2024.04.16"]
[Round "7"]
[White "Shandrygin, Nikita"]
[Black "Sreyas, Payyappat"]
[Result "1-0"]
[WhiteElo "2209"]
[BlackElo "2084"]
[PlyCount "59"]
[EventDate "2024.04.16"]
[EventType "swiss (blitz)"]
[EventRounds "11"]
[EventCountry "USA"]
[SourceTitle "CB17_2024"]
[SourceDate "2024.04.24"]
[SourceVersion "1"]
[SourceVersionDate "2024.04.24"]
[SourceQuality "1"]

1. e4 c6 2. d4 d5 3. f3 Qb6 4. Nc3 dxe4 5. fxe4 e5 6. Nf3 exd4 7. Qxd4 Nf6 8. e5 Bc5 9. Qd2 Ng4 10. Ne4 0-0 11. Bd3 Be3 12. Qe2 Bxc1 13. Rxc1 Qxb2 14. 0-0 Qb6+ 15. Kh1 Bf5 16. Nf6+ Nxf6 17. Bxf5 Nd5 18. Bxh7+ Kxh7 19. Ng5+ Kh6 20. Qg4 f5 21. Qh4+ Kg6 22. Qh7+ Kxg5 23. Qxg7+ Kh5 24. Rf3 Nf4 25. Rxf4 Qe3 26. Rcf1 Nd7 27. Rxf5+ Rxf5 28. Rxf5+ Kh4 29. Qh7+ Kg4 30. Qh5# 1-0

[Event "Titled Tuesday intern op 02nd Apr Early"]
[Site "Chess.com INT"]
[Date "2024.04.02"]
[Round "1"]
[White "Sreyas, Payyappat"]
[Black "Mahdavi, Reza"]
[Result "1-0"]
[WhiteElo "2084"]
[BlackElo "2362"]
[PlyCount "57"]
[EventDate "2024.04.02"]
[EventType "swiss (blitz)"]
[EventRounds "11"]
[EventCountry "USA"]
[SourceTitle "CB15_2024"]
[SourceDate "2024.04.10"]
[SourceVersion "1"]
[SourceVersionDate "2024.04.10"]
[SourceQuality "1"]

1. e4 c5 2. Nf3 d6 3. d4 cxd4 4. Nxd4 Nf6 5. Nc3 a6 6. h4 e5 7. Nb3 Be7 8. Bg5 Be6 9. Bxf6 Bxf6 10. g3 Qd7 11. Qd2 b5 12. 0-0-0 Be7 13. f4 Nc6 14. f5 Bxb3 15. axb3 Nd4 16. Nd5 0-0 17. Kb1 Bd8 18. g4 a5 19. g5 b4 20. g6 a4 21. Qxb4 axb3 22. Rxd4 bxc2+ 23. Kxc2 exd4 24. gxf7+ Kh8 25. Bc4 Rc8 26. Kd3 Qxf7 27. Nf4 Qa7 28. h5 Rb8 29. Ng6+ 1-0

[Event "Titled Tuesday intern op 12th Mar Late"]
[Site "Chess.com INT"]
[Date "2024.03.12"]
[Round "2"]
[White "Melikhov, Evgeny V"]
[Black "Sreyas, Payyappat"]
[Result "1-0"]
[WhiteElo "2172"]
[BlackElo "2078"]
[PlyCount "65"]
[EventDate "2024.03.12"]
[EventType "swiss (blitz)"]
[EventRounds "11"]
[EventCountry "USA"]
[SourceTitle "CB12_2024"]
[SourceDate "2023.10.01"]
[SourceVersion "1"]
[SourceVersionDate "2023.10.01"]
[SourceQuality "1"]

1. d4 Nf6 2. c4 c5 3. d5 e6 4. Nc3 exd5 5. cxd5 d6 6. Nf3 g6 7. h3 Bg7 8. e4 0-0 9. Bd3 b5 10. Nxb5 Nxe4 11. Bxe4 Re8 12. Ng5 h6 13. Ne6 fxe6 14. 0-0 e5 15. Bxg6 Rf8 16. Qh5 Ba6 17. a4 Nd7 18. Bxh6 Nf6 19. Qh4 Rb8 20. Bg5 Qd7 21. Ra3 Bxb5 22. axb5 Rxb5 23. Rg3 Rb4 24. f4 exf4 25. Rxf4 Rxf4 26. Bxf4 Rb8 27. Rg5 Rb4 28. Bf5 Qe7 29. Be6+ Kf8 30. Rf5 Ke8 31. Qg3 Kd8 32. Bxd6 Qb7 33. Rxf6 1-0

[Event "Titled Tuesday intern op 13th Feb Early"]
[Site "Chess.com INT"]
[Date "2024.02.13"]
[Round "9"]
[White "Fieberg, Samuel"]
[Black "Sreyas, Payyappat"]
[Result "1-0"]
[WhiteElo "2157"]
[BlackElo "2080"]
[PlyCount "110"]
[EventDate "2024.02.13"]
[EventType "swiss (blitz)"]
[EventRounds "11"]
[EventCountry "USA"]
[SourceTitle "CB08_2024"]
[SourceDate "2024.02.21"]
[SourceVersion "1"]
[SourceVersionDate "2024.02.21"]
[SourceQuality "1"]

1. Nf3 Nf6 2. g3 c5 3. Bg2 Nc6 4. 0-0 g6 5. d4 Bg7 6. dxc5 0-0 7. c3 Ne4 8. Be3 Qa5 9. b4 Nxb4 10. cxb4 Qxb4 11. Bd4 Bxd4 12. Qxd4 Qxd4 13. Nxd4 Nxc5 14. Nc3 d6 15. Rab1 Rb8 16. Nc6 Be6 17. Nxb8 Rxb8 18. Rb2 a6 19. Ne4 Na4 20. Rc2 b5 21. Rfc1 b4 22. Ng5 Nc3 23. Nxe6 fxe6 24. a3 a5 25. axb4 axb4 26. Rb2 Na4 27. Rb3 Nc5 28. Rbb1 b3 29. Bc6 Rb6 30. Bf3 e5 31. Bd5+ e6 32. Rxc5 dxc5 33. Rxb3 Rd6 34. Bc4 Kf7 35. f3 Rd4 36. Rc3 e4 37. f4 e3 38. Bd3 Rd5 39. Kg2 Kf6 40. Kf3 e5 41. Kxe3 exf4+ 42. gxf4 g5 43. f5 h5 44. Be4 Re5 45. Rd3 c4 46. Rd6+ Ke7 47. Rc6 Ra5 48. Rxc4 Ra3+ 49. Bd3 Ra1 50. Rc6 Rh1 51. f6+ Ke8 52. Bg6+ Kd7 53. f7 Rf1 54. Rc5 h4 55. Rf5 g4 1-0

[Event "Titled Tuesday intern op 13th Feb Late"]
[Site "Chess.com INT"]
[Date "2024.02.13"]
[Round "5"]
[White "Korkmaz, Necmettin"]
[Black "Sreyas, Payyappat"]
[Result "1-0"]
[WhiteElo "2013"]
[BlackElo "2080"]
[PlyCount "75"]
[EventDate "2024.02.13"]
[EventType "swiss (blitz)"]
[EventRounds "11"]
[EventCountry "USA"]
[SourceTitle "CB08_2024"]
[SourceDate "2024.02.21"]
[SourceVersion "1"]
[SourceVersionDate "2024.02.21"]
[SourceQuality "1"]

1. e4 c6 2. d4 d5 3. Nc3 dxe4 4. Nxe4 Nf6 5. Nxf6+ exf6 6. c3 Bd6 7. Bd3 0-0 8. Qc2 Re8+ 9. Ne2 h5 10. Be3 Nd7 11. 0-0-0 Nf8 12. c4 Be6 13. Nc3 Rc8 14. Rhe1 Bb4 15. h3 b5 16. c5 Qa5 17. a3 Bxc3 18. Qxc3 Qxc3+ 19. bxc3 a5 20. Bf4 Bb3 21. Bc2 Bc4 22. Bd6 Ne6 23. Bf5 Ra8 24. g4 b4 25. Kb2 bxa3+ 26. Kxa3 g6 27. Be4 Rec8 28. gxh5 gxh5 29. Rg1+ Ng7 30. Rg2 Kh8 31. Rdg1 Rg8 32. Be7 f5 33. Bxc6 Ra6 34. d5 a4 35. Bf6 Rb8 36. Rxg7 Rb3+ 37. Ka2 Rb4+ 38. Ka1 1-0

[Event "Titled Tuesday intern op 13th Feb Late"]
[Site "Chess.com INT"]
[Date "2024.02.13"]
[Round "1"]
[White "Sreyas, Payyappat"]
[Black "Demina, Marya"]
[Result "1-0"]
[WhiteElo "2080"]
[BlackElo "1936"]
[PlyCount "103"]
[EventDate "2024.02.13"]
[EventType "swiss (blitz)"]
[EventRounds "11"]
[EventCountry "USA"]
[SourceTitle "CB08_2024"]
[SourceDate "2024.02.21"]
[SourceVersion "1"]
[SourceVersionDate "2024.02.21"]
[SourceQuality "1"]

1. e4 c6 2. d4 d5 3. Nc3 dxe4 4. Nxe4 Nf6 5. Nxf6+ exf6 6. Bc4 Be7 7. Nf3 Bg4 8. Be3 Na6 9. Qd2 Nc7 10. 0-0-0 Nd5 11. h3 Bh5 12. g4 Bg6 13. Nh4 b5 14. Bb3 a5 15. f4 Be4 16. Rhe1 a4 17. Bxd5 Qxd5 18. Kb1 b4 19. Ka1 0-0 20. Bf2 Rfe8 21. Re3 Bd6 22. Bg3 a3 23. b3 c5 24. dxc5 Qxd2 25. Rxd2 Bxc5 26. Re1 Red8 27. Red1 Rxd2 28. Rxd2 g6 29. Kb1 Kg7 30. Bf2 Bxf2 31. Rxf2 Rc8 32. Nf3 Rxc2 33. Rxc2 Bxf3 34. Rc4 Bg2 35. h4 Bh3 36. g5 fxg5 37. hxg5 h6 38. Rxb4 hxg5 39. fxg5 Kf8 40. Ra4 Ke7 41. Rxa3 Ke6 42. Ra5 Bf5+ 43. Kc1 f6 44. gxf6 Kxf6 45. Kd2 g5 46. Ke3 g4 47. Kf4 Bd7 48. Ra6+ Ke7 49. a4 Bc8 50. Rg6 Kf7 51. Rg5 Kf6 52. a5 1-0

[Event "Titled Tuesday intern op 06th Feb Late"]
[Site "Chess.com INT"]
[Date "2024.02.06"]
[Round "2"]
[White "Antonio, Jorge Carlos"]
[Black "Sreyas, Payyappat"]
[Result "1-0"]
[WhiteElo "2277"]
[BlackElo "2080"]
[PlyCount "82"]
[EventDate "2024.02.06"]
[EventType "swiss (blitz)"]
[EventRounds "11"]
[EventCountry "USA"]
[SourceTitle "CB07_2024"]
[SourceDate "2024.02.14"]
[SourceVersion "1"]
[SourceVersionDate "2024.02.14"]
[SourceQuality "1"]

1. e4 c6 2. d4 d5 3. e5 Bf5 4. Bd3 Bxd3 5. Qxd3 e6 6. Ne2 c5 7. c3 Nc6 8. Be3 Qb6 9. Qc2 cxd4 10. cxd4 Rc8 11. Nbc3 Nb4 12. Qd1 Nc6 13. 0-0 Nge7 14. Na4 Qa5 15. Nc5 Nf5 16. Nxb7 Qb6 17. Nd6+ Bxd6 18. exd6 Nxd6 19. b3 0-0 20. Rc1 Nf5 21. Qd2 Rfd8 22. Rc5 e5 23. Rfc1 e4 24. b4 Nce7 25. a3 Qa6 26. Qb2 Nd6 27. b5 Qb6 28. a4 Nc4 29. Qb4 Nc6 30. Qc3 Nb8 31. Nf4 Rxc5 32. dxc5 Qf6 33. Qxf6 gxf6 34. Rd1 Nb2 35. Rd2 Nxa4 36. Rxd5 Rxd5 37. Nxd5 Nxc5 38. Bxc5 a5 39. Nxf6+ Kg7 40. Nxe4 a4 41. Nc3 Nd7 1-0

[Event "Titled Tuesday intern op 06th Feb Late"]
[Site "Chess.com INT"]
[Date "2024.02.06"]
[Round "9"]
[White "Saveliev, Alexei"]
[Black "Sreyas, Payyappat"]
[Result "1-0"]
[WhiteElo "2366"]
[BlackElo "2080"]
[PlyCount "87"]
[EventDate "2024.02.06"]
[EventType "swiss (blitz)"]
[EventRounds "11"]
[EventCountry "USA"]
[SourceTitle "CB07_2024"]
[SourceDate "2024.02.14"]
[SourceVersion "1"]
[SourceVersionDate "2024.02.14"]
[SourceQuality "1"]

1. c4 c5 2. e3 Nf6 3. d4 cxd4 4. exd4 d5 5. cxd5 Nxd5 6. Nf3 Nc6 7. h3 g6 8. Bd3 Bg7 9. 0-0 0-0 10. Be3 Qb6 11. Qd2 Be6 12. Nc3 Rfd8 13. Na4 Qb4 14. Qxb4 Ndxb4 15. Be4 Nxd4 16. Nxd4 Bxd4 17. Bxd4 Rxd4 18. Bxb7 Rb8 19. Bf3 Nc2 20. Rac1 Rxa4 21. Rxc2 Rxa2 22. Rc7 Rbxb2 23. Rxe7 a5 24. Ra7 a4 25. h4 a3 26. h5 Kg7 27. hxg6 hxg6 28. Re1 Kf6 29. Ra6 Rxf2 30. Bd5 Rad2 31. Bxe6 Rxg2+ 32. Kh1 Rh2+ 33. Kg1 Rdg2+ 34. Kf1 Rf2+ 35. Kg1 Rhg2+ 36. Kh1 fxe6 37. Rexe6+ Kf7 38. Rec6 Rg3 39. Ra7+ Kg8 40. Rc8+ Rf8 41. Rcc7 Rh3+ 42. Kg2 Rh5 43. Rxa3 Rg5+ 44. Kh3 1-0

[Event "Titled Tuesday intern op 06th Feb Early"]
[Site "Chess.com INT"]
[Date "2024.02.06"]
[Round "5"]
[White "Sreyas, Payyappat"]
[Black "Akobian, Varuzhan"]
[Result "1-0"]
[WhiteElo "2080"]
[BlackElo "2571"]
[PlyCount "81"]
[EventDate "2024.02.06"]
[EventType "swiss (blitz)"]
[EventRounds "11"]
[EventCountry "USA"]
[SourceTitle "CB07_2024"]
[SourceDate "2024.02.14"]
[SourceVersion "1"]
[SourceVersionDate "2024.02.14"]
[SourceQuality "1"]

1. e4 d6 2. d4 Nf6 3. Nc3 c6 4. f4 Qa5 5. Bd3 e5 6. dxe5 dxe5 7. Nf3 Bg4 8. 0-0 Nbd7 9. Kh1 exf4 10. Bxf4 Bb4 11. e5 Bxc3 12. exf6 Bxf6 13. Re1+ Be6 14. Bc4 0-0-0 15. Rxe6 fxe6 16. Bxe6 Rhe8 17. Qd6 Rxe6 18. Qxe6 Qd5 19. Qxd5 cxd5 20. Rd1 Nc5 21. Be5 Bxe5 22. Nxe5 d4 23. Kg1 Rd5 24. Nf3 d3 25. cxd3 Rxd3 26. Rc1 b6 27. b4 Rd5 28. bxc5 bxc5 29. Re1 Kd7 30. Kf2 c4 31. Ne5+ Kc7 32. Nxc4 Rc5 33. Ne3 Ra5 34. Re2 Kc6 35. Rb2 Ra4 36. Kf3 a5 37. Nf5 g6 38. Ne3 Kc5 39. Ng4 Kd4 40. Re2 h5 41. Re4+ 1-0

[Event "Titled Tuesday intern op 06th Feb Early"]
[Site "Chess.com INT"]
[Date "2024.02.06"]
[Round "2"]
[White "Sreyas, Payyappat"]
[Black "Ardila, Oscar Humberto"]
[Result "1-0"]
[WhiteElo "2080"]
[BlackElo "1952"]
[PlyCount "103"]
[EventDate "2024.02.06"]
[EventType "swiss (blitz)"]
[EventRounds "11"]
[EventCountry "USA"]
[SourceTitle "CB07_2024"]
[SourceDate "2024.02.14"]
[SourceVersion "1"]
[SourceVersionDate "2024.02.14"]
[SourceQuality "1"]

1. e4 e5 2. Nf3 Nf6 3. Nxe5 d6 4. Nf3 Nxe4 5. Nc3 Nxc3 6. dxc3 Be7 7. Bd3 0-0 8. Bf4 Nd7 9. Qd2 Nf6 10. 0-0-0 c5 11. h4 b5 12. h5 Qa5 13. a3 c4 14. Be2 d5 15. Be5 Bb7 16. g4 Ne4 17. Qe3 Qb6 18. Bd4 Bc5 19. Ne5 Bxd4 20. cxd4 Rfe8 21. c3 a5 22. Qf4 f6 23. Ng6 Qd6 24. Qf5 Bc8 25. Qf3 Ng5 26. Qf4 Ne4 27. Qxd6 Nxd6 28. Nf4 Re4 29. Bf3 Rxf4 30. Bxd5+ Kf8 31. Bxa8 Bxg4 32. Rdf1 Be2 33. Re1 Bd3 34. f3 b4 35. axb4 axb4 36. Re3 bxc3 37. bxc3 Rf5 38. d5 Rg5 39. Kb2 Rg2+ 40. Ka3 Rc2 41. Kb4 Ra2 42. Bc6 Nf5 43. Re8+ Kf7 44. Rhe1 g6 45. hxg6+ hxg6 46. Rh8 Kg7 47. Ree8 Rb2+ 48. Kc5 g5 49. Bd7 Ne3 50. Reg8+ Kf7 51. Be6+ Ke7 52. Rg7# 1-0

[Event "Titled Tuesday intern op 06th Feb Late"]
[Site "Chess.com INT"]
[Date "2024.02.06"]
[Round "1"]
[White "Sreyas, Payyappat"]
[Black "Erigaisi, Arjun Kumar"]
[Result "0-1"]
[WhiteElo "2080"]
[BlackElo "2738"]
[PlyCount "104"]
[EventDate "2024.02.06"]
[EventType "swiss (blitz)"]
[EventRounds "11"]
[EventCountry "USA"]
[SourceTitle "CB07_2024"]
[SourceDate "2024.02.14"]
[SourceVersion "1"]
[SourceVersionDate "2024.02.14"]
[SourceQuality "1"]

1. e4 d6 2. d4 g6 3. Nc3 Bg7 4. Nf3 Nc6 5. Be3 Bg4 6. Be2 e6 7. h3 Bxf3 8. Bxf3 Bh6 9. Bxh6 Nxh6 10. Qd2 Ng8 11. 0-0-0 Nge7 12. h4 h5 13. g4 hxg4 14. Bxg4 Qd7 15. d5 Ne5 16. Bh3 0-0-0 17. f3 Kb8 18. Qf2 f5 19. f4 Ng4 20. Bxg4 fxg4 21. dxe6 Qxe6 22. Nb5 Nc6 23. Nc3 Rh5 24. Rd5 Rdh8 25. Qg3 Nb4 26. Rxh5 gxh5 27. Kb1 Rf8 28. Rf1 Qc4 29. Re1 a6 30. f5 Qd4 31. Qe3 Qe5 32. a3 Nc6 33. Ne2 Rxf5 34. Qg1 Rf3 35. Nc3 Qd4 36. Qxd4 Nxd4 37. e5 g3 38. e6 Nxe6 39. Rxe6 g2 40. Ne2 Rf1+ 41. Ka2 Re1 42. Rg6 Rxe2 43. c4 Kc8 44. Kb3 Kd7 45. Kc3 Ke7 46. Kd3 Rxb2 47. Kd4 Kf7 48. Rg5 Kf6 49. Ke4 b5 50. cxb5 axb5 51. Kd5 c5 52. Kxd6 c4 0-1

[Event "Titled Tuesday intern op 06th Feb Early"]
[Site "Chess.com INT"]
[Date "2024.02.06"]
[Round "3"]
[White "Sreyas, Payyappat"]
[Black "Fecker, Noah"]
[Result "1-0"]
[WhiteElo "2080"]
[BlackElo "2389"]
[PlyCount "75"]
[EventDate "2024.02.06"]
[EventType "swiss (blitz)"]
[EventRounds "11"]
[EventCountry "USA"]
[SourceTitle "CB07_2024"]
[SourceDate "2024.02.14"]
[SourceVersion "1"]
[SourceVersionDate "2024.02.14"]
[SourceQuality "1"]

1. e4 e5 2. Nf3 Nf6 3. Nxe5 d5 4. exd5 Qxd5 5. d4 Nc6 6. Nc3 Qxd4 7. Qxd4 Nxd4 8. Bd3 Bd6 9. Nc4 Be7 10. 0-0 Be6 11. Be3 Nxc2 12. Bxc2 Bxc4 13. Rfe1 Be6 14. Nb5 Nd5 15. Bb3 a6 16. Bxd5 axb5 17. Bxb7 Rb8 18. Bc6+ Bd7 19. Bc5 0-0 20. Bxe7 Bxc6 21. Bxf8 Kxf8 22. Rac1 Rb6 23. Rc5 b4 24. Rec1 Bd7 25. Rxc7 Be6 26. Ra7 g5 27. h3 h5 28. a4 bxa3 29. bxa3 Rb2 30. a4 g4 31. hxg4 hxg4 32. g3 Bd5 33. a5 Bf3 34. Rac7 Kg7 35. Kf1 Rb8 36. a6 Re8 37. a7 Be2+ 38. Kg1 1-0

[Event "Titled Tuesday intern op 06th Feb Early"]
[Site "Chess.com INT"]
[Date "2024.02.06"]
[Round "10"]
[White "Sreyas, Payyappat"]
[Black "Fromm, Marius"]
[Result "1-0"]
[WhiteElo "2080"]
[BlackElo "2446"]
[PlyCount "91"]
[EventDate "2024.02.06"]
[EventType "swiss (blitz)"]
[EventRounds "11"]
[EventCountry "USA"]
[SourceTitle "CB07_2024"]
[SourceDate "2024.02.14"]
[SourceVersion "1"]
[SourceVersionDate "2024.02.14"]
[SourceQuality "1"]

1. e4 e5 2. Nf3 Nc6 3. Bc4 Bc5 4. c3 Nf6 5. d4 exd4 6. e5 d5 7. Bb5 Ne4 8. cxd4 Bb6 9. Nc3 0-0 10. Be3 Bg4 11. h3 Bh5 12. Qc2 Bg6 13. Qb3 Ne7 14. 0-0 c6 15. Bd3 Nd2 16. Nxd2 Bxd3 17. Rfd1 Bg6 18. Na4 f6 19. f4 Nf5 20. Nxb6 Qxb6 21. Bf2 fxe5 22. dxe5 Qxb3 23. axb3 b6 24. Nf3 Ne7 25. g3 c5 26. b4 d4 27. bxc5 bxc5 28. Rdc1 Rfc8 29. Ra5 Rab8 30. Rxa7 Nc6 31. Ra6 Nb4 32. Ra5 Nd3 33. Rc2 Rxb2 34. Rxb2 Nxb2 35. g4 Be4 36. Nd2 Ba8 37. f5 Nd3 38. e6 Nxf2 39. Kxf2 c4 40. Nxc4 g6 41. Nb6 Rf8 42. Rxa8 gxf5 43. Rxf8+ Kxf8 44. gxf5 Ke7 45. Ke2 Kf6 46. Kd3 1-0

[Event "Titled Tuesday intern op 06th Feb Early"]
[Site "Chess.com INT"]
[Date "2024.02.06"]
[Round "6"]
[White "Sreyas, Payyappat"]
[Black "Warmerdam, Max"]
[Result "0-1"]
[WhiteElo "2080"]
[BlackElo "2617"]
[PlyCount "76"]
[EventDate "2024.02.06"]
[EventType "swiss (blitz)"]
[EventRounds "11"]
[EventCountry "USA"]
[SourceTitle "CB07_2024"]
[SourceDate "2024.02.14"]
[SourceVersion "1"]
[SourceVersionDate "2024.02.14"]
[SourceQuality "1"]

1. e4 e5 2. Nf3 Nc6 3. Bc4 Nf6 4. d4 exd4 5. e5 d5 6. Bb5 Ne4 7. Nxd4 Bd7 8. Bxc6 bxc6 9. 0-0 Bc5 10. c3 Bb6 11. f3 Ng5 12. f4 Ne4 13. Nd2 c5 14. N4b3 c4+ 15. Nd4 Nc5 16. Kh1 Nd3 17. Qf3 c5 18. Qxd5 cxd4 19. Nxc4 0-0 20. cxd4 Be6 21. Qxd8 Rfxd8 22. Nxb6 axb6 23. Be3 Nxb2 24. f5 Bd5 25. Rfb1 Nc4 26. Bf2 Ra4 27. Rb5 Bc6 28. Rb3 Be4 29. h3 Bxf5 30. Bg1 Be6 31. Rd1 h5 32. Rb5 Rd5 33. Rdb1 Rxa2 34. R5b4 Rd8 35. Rc1 Rc8 36. Rb5 Ra5 37. Rxa5 bxa5 38. Rb1 a4 0-1

[Event "Titled Tuesday intern op 06th Feb Late"]
[Site "Chess.com INT"]
[Date "2024.02.06"]
[Round "4"]
[White "Sreyas, Payyappat"]
[Black "Zakarian, David"]
[Result "1-0"]
[WhiteElo "2080"]
[BlackElo "2292"]
[PlyCount "35"]
[EventDate "2024.02.06"]
[EventType "swiss (blitz)"]
[EventRounds "11"]
[EventCountry "USA"]
[SourceTitle "CB07_2024"]
[SourceDate "2024.02.14"]
[SourceVersion "1"]
[SourceVersionDate "2024.02.14"]
[SourceQuality "1"]

1. e4 c5 2. Nf3 e6 3. d4 cxd4 4. Nxd4 a6 5. Nc3 Qc7 6. Be2 Nf6 7. 0-0 d6 8. Be3 Nbd7 9. f4 Be7 10. Bf3 0-0 11. g4 Nc5 12. Qe2 Rb8 13. Qg2 b5 14. g5 Nfd7 15. f5 exf5 16. exf5 f6 17. Nd5 Ne5 18. Nxc7 1-0

[Event "Titled Tuesday intern op 16th Jan Early"]
[Site "Chess.com INT"]
[Date "2024.01.16"]
[Round "8"]
[White "Omelja, Artem"]
[Black "Sreyas, Payyappat"]
[Result "1-0"]
[WhiteElo "2438"]
[BlackElo "2080"]
[PlyCount "107"]
[EventDate "2024.01.16"]
[EventType "swiss (blitz)"]
[EventRounds "11"]
[EventCountry "USA"]
[SourceTitle "CB04_2024"]
[SourceDate "2023.10.16"]
[SourceVersion "1"]
[SourceVersionDate "2023.10.16"]
[SourceQuality "1"]

1. e4 c6 2. Ne2 d5 3. e5 Bf5 4. Ng3 e6 5. Nxf5 exf5 6. d4 f6 7. Bd3 fxe5 8. dxe5 Bc5 9. Bxf5 Ne7 10. Be6 Ng6 11. 0-0 Qe7 12. Bf5 0-0 13. Qh5 Nd7 14. Bxd7 Qxd7 15. Nc3 Rf5 16. Qh3 Raf8 17. Be3 d4 18. Ne4 dxe3 19. Nxc5 Qd5 20. Nd3 exf2+ 21. Kh1 Nxe5 22. Rad1 Nxd3 23. Qxd3 Qxd3 24. Rxd3 Re5 25. g3 Re2 26. Rc3 Rd8 27. Kg2 Rdd2 28. Rb3 b6 29. Ra3 Rxc2 30. Rxa7 Rxb2 31. a4 h5 32. Rc7 c5 33. a5 bxa5 34. Rxc5 a4 35. Ra5 Ra2 36. Rxh5 a3 37. Ra5 Kf7 38. Ra6 Ke7 39. g4 Kd7 40. h4 Kc7 41. h5 Kb7 42. Ra4 Kb6 43. g5 Kb5 44. Ra8 Re5 45. Rb1+ Kc5 46. Ra5+ Kd4 47. Rb4+ Kc3 48. Rxe5 Kxb4 49. h6 gxh6 50. gxh6 Rc2 51. Re8 a2 52. Rb8+ Ka5 53. h7 Rc6 54. h8Q 1-0

[Event "Titled Tuesday intern op 16th Jan Early"]
[Site "Chess.com INT"]
[Date "2024.01.16"]
[Round "9"]
[White "Sreyas, Payyappat"]
[Black "Zakaryan, David"]
[Result "0-1"]
[WhiteElo "2080"]
[BlackElo "2299"]
[PlyCount "30"]
[EventDate "2024.01.16"]
[EventType "swiss (blitz)"]
[EventRounds "11"]
[EventCountry "USA"]
[SourceTitle "CB04_2024"]
[SourceDate "2023.10.16"]
[SourceVersion "1"]
[SourceVersionDate "2023.10.16"]
[SourceQuality "1"]

1. e4 c5 2. Nf3 e6 3. d4 cxd4 4. Nxd4 Nc6 5. Nc3 Qc7 6. Be3 a6 7. Be2 Nf6 8. 0-0 Bb4 9. f3 0-0 10. Kh1 d5 11. Nxc6 bxc6 12. Bd4 e5 13. Bf2 Bxc3 14. bxc3 Qa5 15. Bc4 dxc4 0-1

[Event "Titled Tuesday intern op 19th Dec Early"]
[Site "Chess.com INT"]
[Date "2023.12.19"]
[Round "7"]
[White "Sevostianov, Vladimir"]
[Black "Sreyas, Payyappat"]
[Result "1-0"]
[WhiteElo "2107"]
[BlackElo "2080"]
[PlyCount "57"]
[EventDate "2023.12.19"]
[EventType "swiss (blitz)"]
[EventRounds "11"]
[EventCountry "USA"]
[SourceTitle "CB52_2023"]
[SourceDate "2023.12.27"]
[SourceVersion "1"]
[SourceVersionDate "2023.12.27"]
[SourceQuality "1"]

1. d4 Nf6 2. Nf3 c5 3. e3 e6 4. Be2 Nc6 5. 0-0 d5 6. c4 Bd6 7. dxc5 Bxc5 8. a3 0-0 9. b4 Bd6 10. Bb2 Bb8 11. Nc3 dxc4 12. Qxd8 Rxd8 13. Bxc4 Nd5 14. Bxd5 exd5 15. Rad1 Be6 16. Nb5 Bg4 17. h3 Bxf3 18. gxf3 Be5 19. Nd4 Rd7 20. Rd2 Rad8 21. Nxc6 Bxb2 22. Nxd8 Bxa3 23. Rfd1 Rxd8 24. Rxd5 Rf8 25. b5 f5 26. Rd7 f4 27. e4 h6 28. Rxb7 Bc5 29. Rdd7 1-0

[Event "Titled Tuesday intern op 14th Nov Early"]
[Site "Chess.com INT"]
[Date "2023.11.14"]
[Round "6"]
[White "Garrido, Denis"]
[Black "Sreyas, Payyappat"]
[Result "1-0"]
[WhiteElo "2227"]
[BlackElo "2080"]
[PlyCount "66"]
[EventDate "2023.11.14"]
[EventType "swiss (blitz)"]
[EventRounds "11"]
[EventCountry "USA"]
[SourceTitle "CB47_2023"]
[SourceDate "2023.11.22"]
[SourceVersion "1"]
[SourceVersionDate "2023.11.22"]
[SourceQuality "1"]

1. e4 c6 2. d4 d5 3. e5 Bf5 4. Nf3 e6 5. Be2 Ne7 6. 0-0 Ng6 7. Be3 Nd7 8. Re1 f6 9. exf6 Nxf6 10. c4 Bd6 11. Nc3 0-0 12. cxd5 exd5 13. Bd3 Bxd3 14. Qxd3 Qc7 15. h3 Rae8 16. Rac1 Qb8 17. Bg5 Nf4 18. Bxf4 Bxf4 19. Rcd1 Bd6 20. Ng5 Qc8 21. Re2 Bb8 22. Rde1 Qc7 23. g3 Rxe2 24. Rxe2 Qd7 25. Kg2 h6 26. Nf3 Qf7 27. Ne5 Qh5 28. f4 b6 29. Nxc6 Bd6 30. Ne5 Re8 31. Qb5 Bxe5 32. dxe5 Ne4 33. Qxd5+ Kh8 1-0